000 00723nam a22002537a 4500
003 0
005 20180629161332.0
008 0
010 _aA-753114
020 _c35.00
_a8123711166
035 _aA-753114,A-753115
037 _bCen Lib/Ret
040 _aDPL
_bEN
_c0
082 _a920
_bPAN
100 _aPandya, Jayant
_928314
245 _aGandhi ji and his disciples /
_cby Jayant Pandya
260 _aNew Delhi
_bNational Book Trust India
_c1994
270 _aA-5,Green Park
_bNew Delhi
_e110016
300 _axii,179p. :
_c21cm(Hb)
_bill.
500 _aIncludes bibliographical reference
650 _aGandhism
_928315
650 _aDisciples Gandhi,s
_928316
942 _2ddc
_cEN
_h920
_mPAN
999 _c130109
_d130109